000 00636nam a2200241 a 4500
999 _c4238
_d4238
001 4238
003 BD-JhCC
005 20171125165616.0
008 171125s1960 enka|||| |||| 000 0 eng d
035 _a(BD-JhCC)4238
040 _aBD-JhCC
_dBD-JhCC
041 _aeng
082 _a823.914
_bSTA 1960
100 _aStanines, Gladys
245 _aTweleve Little Plays /
_cGladys Staines.
260 _aLondon :
_bGinn and Company Ltd.,
_cc1960
300 _a111 p. ;
_billus.,
_c19 cm.
490 _aBook Five Stage
500 _aIllustrated by George w. Adamson
650 _aEnglish Stories
942 _2ddc
_cBK